Introducción a la minería de datos

Uloženo v:
Podrobná bibliografie
Hlavní autoři: Hernández Orallo, José (Autor), Ramírez Quintana, María José (Autor), Ferri Ramírez, César (Autor)
Médium: Kniha
Jazyk:španělština
Vydáno: Madrid, España. Pearson Educación, 2004
Témata:
Tagy: Přidat tag
Žádné tagy, Buďte první, kdo vytvoří štítek k tomuto záznamu!

MARC

LEADER 00000cam a2200000 a 4500
001 UCK3294
003 CL-VaPUC
005 20240531093355.0
008 050422e20040000SP |||||||||||||||||spa|d
999 |c 312541  |d 312539 
020 |a 8420540919 
040 |c Pontificia Universidad Católica de Valparaíso 
082 0 4 |a 006.3 HER 2004 
100 |a Hernández Orallo, José  |e author  |9 222249 
245 1 0 |a Introducción a la minería de datos 
260 |a Madrid, España.  |b Pearson Educación,  |c 2004 
300 |a 656 páginas 
583 |c 20211025 
650 0 |a Gestión de datos  |9 353312 
650 0 |a Teoría de la información  |9 260744 
650 0 |a Modelos matemáticos   |9 259437 
650 0 |a Análisis de sistemas   |9 260059 
650 0 |a Planificación estratégica   |9 259735 
650 0 |a Toma de decisiones   |9 257530 
650 0 |a Aplicaciones de computadores  |9 260401 
700 0 |a Ramírez Quintana, María José  |e author  |9 491384 
700 0 |a Ferri Ramírez, César  |e author  |9 491385 
942 |c BK  |2 ddc 
945 |d 20050422 00:00:00  |a cmena 
952 |0 0  |1 0  |4 0  |6 006_300000000000000_HER_2004  |7 0  |8 A  |9 383014  |a BIBENE  |b BIBENE  |d 2019-11-21  |i 4115686  |o 006.3 HER 2004  |p 4115686  |r 2025-01-15  |w 2019-11-21  |y BK  |k ICO 
952 |0 0  |1 0  |4 0  |6 006_300000000000000_HER_2004  |7 0  |8 A  |9 383015  |a BIBGIM  |b BIBGIM  |d 2019-11-21  |i 4168410  |o 006.3 HER 2004  |p 4168410  |r 2025-01-15  |w 2019-11-21  |y BK  |k EST 
952 |0 0  |1 0  |4 0  |6 006_300000000000000_HER_2004  |7 0  |8 A  |9 383016  |a BIBGIM  |b BIBGIM  |d 2019-11-21  |i 4169816  |o 006.3 HER 2004  |p 4169816  |r 2025-01-15  |w 2019-11-21  |y BK  |k EST 
952 |0 0  |1 0  |4 0  |6 006_300000000000000_HER_2004  |7 0  |8 A  |9 383017  |a BIBGIM  |b BIBGIM  |d 2019-11-21  |i 4169824  |o 006.3 HER 2004  |p 4169824  |r 2025-01-15  |w 2019-11-21  |y BK  |k EST 
952 |0 0  |1 0  |4 0  |6 006_300000000000000_HER_2004  |7 0  |8 A  |9 383018  |a BIBGIM  |b BIBGIM  |d 2019-11-21  |i 4223160  |o 006.3 HER 2004  |p 4223160  |r 2025-01-15  |w 2019-11-21  |y BK  |k EST 
952 |0 0  |1 0  |4 0  |6 006_300000000000000_HER_2004  |7 0  |8 A  |9 383019  |a BIBGIM  |b BIBGIM  |d 2019-11-21  |i 4223179  |o 006.3 HER 2004  |p 4223179  |r 2025-01-15  |w 2019-11-21  |y BK  |k EST 
952 |0 0  |1 0  |3 erb  |4 0  |6 006_300000000000000_HER_2004  |7 0  |8 A  |9 383020  |a BIBING  |b BIBING  |i 5452031  |l 1  |m 1  |o 006.3 HER 2004  |p 5452031  |r 2025-01-20  |s 2024-10-15  |w 2019-11-21  |y BK  |z Catalogado en:20180302  |k CCI 
952 |0 0  |1 0  |3 erb  |4 0  |6 006_300000000000000_HER_2004  |7 0  |8 A  |9 383021  |a BIBING  |b BIBING  |i 5452023  |o 006.3 HER 2004  |p 5452023  |r 2025-01-20  |w 2019-11-21  |y BK  |z Catalogado en:20180302  |k CCI 
952 |0 0  |1 0  |3 erb  |4 0  |6 006_300000000000000_HER_2004  |7 0  |8 A  |9 383022  |a BIBING  |b BIBING  |e 65  |g 43600.00  |i 5563453  |o 006.3 HER 2004  |p 5563453  |r 2025-01-20  |v 43600.00  |w 2019-11-21  |y BK  |z Catalogado en:20191010  |k EII 
952 |0 0  |1 0  |2 ddc  |4 0  |6 006_300000000000000_HER_2004  |7 0  |8 A  |9 551557  |a BIBING  |b BIBING  |c GEN  |d 2020-03-06  |e 87  |g 128700.00  |i 5573408  |l 2  |m 3  |o  006.3 HER 2004   |p 5573408  |r 2025-01-20  |s 2024-11-21  |t 11  |v 0.00  |w 2020-03-06  |y BK  |k EII